Ecuaciones Diferenciales: Con problemas con valores en la frontera / Dennis G. Zill, Michael R. Cullen (Registro nro. 16546)
[ vista simple ]
| 000 -LÍDER | |
|---|---|
| fixed length control field | 00640nam a2200181 4500 |
| 008 - ELEMENTOS DE LONGITUD FIJA -- INFORMACIÓN GENERAL | |
| fixed length control field | 0 2009 0a 000 0mex |
| 020 ## - NÚMERO INTERNACIONAL NORMALIZADO PARA LIBROS | |
| ISBN | 978-970-830-038-4 |
| 050 ## - SIGNATURA TOPOGRAFICA DE LA BIBLIOTECA DEL CONGRESO (LC) | |
| Número de Clasificación | QA372 Z54418 2009 |
| 082 ## - NUMERO DE CLASIFICACION DECIMAL DEWEY | |
| Número de Clasificación | 515.35 Z372ev 2009 |
| 100 ## - ASIENTO PRINCIPAL--NOMBRE PERSONAL | |
| Nombre personal | Zill, Dennis G. |
| 245 ## - TÍTULO | |
| Título | Ecuaciones Diferenciales: Con problemas con valores en la frontera / Dennis G. Zill, Michael R. Cullen |
| 250 ## - MENCIÓN DE EDICIÓN | |
| Mención de edición | 7 |
| 260 ## - PUBLICACIÓN, DISTRIBUCIÓN, ETC. (PIE DE IMPRENTA) | |
| Lugar de publicación, distribución, etc. | México : Cengage Learning |
| 300 ## - DESCRIPCIÓN FÍSICA | |
| Extensión | xv, p g varias, 526 p. / 27 cm. |
| 500 ## - NOTA GENERAL | |
| Nota general | Incluye: Ap‚ndice |
| 650 ## - ASIENTO SECUNDARIO DE MATERIA - TERMINO TEMÁTICO | |
| Término temático o nombre geográfico como elemento de entrada | 1. ECUACIONES DIFERENCIALES 2. PROBLEMAS DE VALORES DE CONTORNO |
| 700 ## - ASIENTO SECUNDARIO - NOMBRE PERSONAL | |
| Nombre personal | I. Cullen, Michael R. Caout. |
| No. biblioteca | No. biblioteca | Número de clasificación | Código de barras/Número de adquisición | Número de copia | Tipo de material |
|---|---|---|---|---|---|
| ÁREA DE BÁSICAS | ÁREA DE BÁSICAS | 515.35 Z372ev 2009 | 41858 | 1 | Libros |
| ÁREA DE BÁSICAS | ÁREA DE BÁSICAS | 515.35 Z372ev 2009 | 52617 | 2 | Libros |
